ប្រវត្តនៃសកម្ភាពរុក្ខា ប្រមាញ់ កម្ពុជាក្រោយថ្ងៃរំដោះ ៧ មករា ១៩៧៩ (Record no. 2934)

000 -LEADER
fixed length control field 00572nam a22001577a 4500
003 - CONTROL NUMBER IDENTIFIER
control field OSt
005 - DATE AND TIME OF LATEST TRANSACTION
control field 20151101143648.0
008 - FIXED-LENGTH DATA ELEMENTS--GENERAL INFORMATION
fixed length control field 151101b xxu||||| |||| 00| 0 eng d
040 ## - CATALOGING SOURCE
Transcribing agency RUA
082 ## - DEWEY DECIMAL CLASSIFICATION NUMBER
Classification number FOR ទិត្យ 1991 B116 Or.1
100 ## - MAIN ENTRY--PERSONAL NAME
9 (RLIN) 3145
Personal name ទិត្យ បូរ៉ា
245 ## - TITLE STATEMENT
Title ប្រវត្តនៃសកម្ភាពរុក្ខា ប្រមាញ់ កម្ពុជាក្រោយថ្ងៃរំដោះ ៧ មករា ១៩៧៩
260 ## - PUBLICATION, DISTRIBUTION, ETC. (IMPRINT)
Place of publication, distribution, etc. Phnom Penh
Name of publisher, distributor, etc. RUA
Date of publication, distribution, etc. 1991
300 ## - PHYSICAL DESCRIPTION
Extent 61p.
Other physical details ill.
Dimensions 29cm.
942 ## - ADDED ENTRY ELEMENTS (KOHA)
Source of classification or shelving scheme
Koha item type FOR
Holdings
Price effective from Date last seen Permanent Location Not for loan Date acquired Source of classification or shelving scheme Koha item type Barcode Lost status Damaged status Shelving location Withdrawn status Current Location Full call number
2015-11-012015-11-01Library Block B 2015-11-01 FORRUA027553  B116 Library Block BFOR ទិត្យ 1991 B116 Or.1
2015-11-012015-11-01Library Block B 2015-11-01 FORRUA026080  B116 Library Block BFOR ទិត្យ 1991 B116 Or.2
2015-11-012015-11-01Library Block B 2015-11-01 FORRUA027727  B116 Library Block BFOR ទិត្យ 1991 B116 Or.3
មជ្ឈមណ្ឌលឯការនៃសាកលវិទ្យាល័យភូមិន្ទកសិកម្មចំការដូង

Powered by Koha